| 000 | 02388cam a2200349 i 4500 | ||
|---|---|---|---|
| 001 | 19263377 | ||
| 005 | 20250417095647.0 | ||
| 008 | 160907s2017 enk b 001 0 eng | ||
| 010 | _a 2016953192 | ||
| 020 | _a9780198739630 (hbk.) | ||
| 020 | _a9780198724315 (pbk.) | ||
| 040 |
_aDLC _beng _erda _cDLC |
||
| 042 | _apcc | ||
| 050 | 0 | 0 |
_aK1315 _b.A53 2017 |
| 082 |
_a346.066 _bKRA |
||
| 100 | 1 |
_aKraakman, Reinier H., _eauthor. _9128770 |
|
| 245 | 1 | 4 |
_aThe anatomy of corporate law : _ba comparative and functional approach / _cReinier Kraakman, [and 10 others] ; with contributions from Sofie Cools and Gen Goto. |
| 250 | _aThird edition. | ||
| 264 | 1 |
_aOxford, United Kingdom : _bOxford University Press, _c2017. |
|
| 300 |
_axvii, 281 pages ; _c24 cm |
||
| 336 |
_atext _btxt _2rdacontent |
||
| 337 |
_aunmediated _bn _2rdamedia |
||
| 338 |
_avolume _bnc _2rdacarrier |
||
| 504 | _aIncludes bibliographical references and index. | ||
| 505 | 0 | _aWhat is corporate law? / John Armour, Henry Hansmann, Reinier Kraakman, and Mariana Pargendler -- Agency problems and legal strategies / John Armour, Henry Hansmann, and Reinier Kraakman -- The basic governance structure : the interests of shareholders as a class / John Armour, Luca Enriques, Henry Hansmann, Reinier Kraakman -- The basic governance structure : minority shareholders and non-shareholder constituencies / Luca Enriques, Henry Hansmann, Reinier Kraakman, and Mariana Pargendler -- Transactions with creditors / John Armour, Gerard Hertig, and Hideki Kanda -- Related-party transactions / Luca Enriques, Gerard Hertig, Hideki Kanda, and Mariana Pargendler -- Fundamental changes / Edward Rock, Paul Davies, Hideki Kanda, Reinier Kraakman, and Wolf-Georg Ringe -- Control transactions / Paul Davies, Klaus Hopt, and Wolf-Georg Ringe -- Corporate law and securities markets / Luca Enriques, Gerard Hertig, Reinier Kraakman, and Edward Rock -- Beyond the anatomy / John Armour, Luca Enriques, Mariana Pargendler, and Wolf-Georg Ringe. | |
| 650 | 0 |
_aCorporation law. _955113 |
|
| 775 | 0 | 8 |
_iRevision of: _tAnatomy of corporate law _b2nd ed. _dOxford ; New York : Oxford University Press, 2009 |
| 906 |
_a7 _bcbc _corigcop _d2 _eepcn _f20 _gy-gencatlg |
||
| 942 |
_2ddc _cBK |
||
| 999 |
_c613630 _d613630 |
||